| 000 | 01866nam a2200421 c 4500 | ||
|---|---|---|---|
| 999 |
_c149424 _d149424 |
||
| 003 | BLK | ||
| 005 | 20240221130632.0 | ||
| 008 | 180410b bul|||||r ||||||| ||bul|| | ||
| 010 | _aKNG00155681000 | ||
| 040 | _aBLK | ||
| 041 |
_aBUL _cBUL |
||
| 072 | 7 |
_2bullib _aК _xКраезнание |
|
| 080 |
_aСелскостопански предприятия. Земевладения _b631.11 _x(091)(497.21-22) _z631.11(091)(497.21-22) |
||
| 100 | 1 |
_aБотев, Пеньо _eпърви автор _9330494 |
|
| 139 |
_aБотев, Пеньо и др. _bБ 70 |
||
| 245 | 1 | 0 |
_aДвадесет победни години _bПо случай 20-год. на ТКЗС Кина Василева в с. Копривец, Русенско 1947-1967 _cПеньо Ботев; съавт. Петър Великовски; съавт. Ас. Цонев. |
| 257 | _aBGR | ||
| 260 |
_bТКЗС Кина Василева _c1967 _fРусе : ДИКП Дунав |
||
| 300 |
_a88 с. _bс ил. _c22 см |
||
| 380 | _a3 | ||
| 500 | _aАвт. не са дадени на кор. - Изд. на Общ. парт. к-т, ТКЗС Кина Василева. УС - с. Копривец, Русенско. - 1 500 тир. | ||
| 650 | 4 |
_aТКЗС _9317776 |
|
| 651 | 4 |
_aКопривец _9179065 |
|
| 651 | 4 |
_aРусенско _9179464 |
|
| 651 | 4 |
_aБългария _9241624 |
|
| 653 | _aТКЗС | ||
| 659 | _aК | ||
| 700 | 1 |
_aВеликовски, Петър Иванов _gИсторик _947059 |
|
| 700 | 1 |
_aЦонев, Ас. _eсъавт. _9330496 |
|
| 852 | _aЦб 44584 | ||
| 852 | _aК 63/Б 69 Пд | ||
| 856 | 4 | _qpdf | |
| 856 | 4 | _qpdf | |
| 942 |
_cKNG _n0 _s1 _01 |
||
| 944 |
_aCR _c16.01.2014 _lГеновева Генчева _k30560 |
||
| 944 |
_aED _c14.05.2015 _l16.01.2014 - от С1,Р / 16.01.2014 _kВаля_Йорданова |
||
| 999 | _d149424 | ||